[Event "Jonsson Mem Open"]
[Site "Reykjavik ISL"]
[Date "2001.10.27"]
[Round "4"]
[White "Nyback,T"]
[Black "Timman,J"]
[Result "0-1"]
[WhiteElo "2430"]
[BlackElo "2600"]

1.Nf3 d5 2.b3 Bg4 3.e3 Nd7 4.Bb2 Ngf6 5.Be2 e6 6.d3 Bd6 7.h3 Bxf3 8.Bxf3 c6
9.Nd2 Qe7 10.c4 Ba3 11.Qc1 Bxb2 12.Qxb2 a5 13.a3 O-O 14.O-O b5 15.cxb5 cxb5
16.Rfc1 b4 17.e4 Rfd8 18.exd5 exd5 19.axb4 axb4 20.Rxa8 Rxa8 21.Qd4 Nf8 22.Nf1 Ne6
23.Qe5 Qa7 24.Ne3 Qd4 25.Qxd4 Nxd4 26.Rc7 Ra1+ 27.Kh2 Nxf3+ 28.gxf3 g6 29.Rb7 Ra2
30.Rxb4 Rxf2+ 31.Kg3 Re2 32.Ng2 Nh5+ 33.Kh2 Rd2 34.Rd4 Ng7 35.Rxd5 Ne6 36.Rb5 Nf4
37.Rg5 f5 38.h4 h6 39.Rg3 Kf7 40.b4 Ne2 41.Rh3 f4 42.Ne1 Ke6 43.Kg2 Ng3+
44.Kg1 Rd1 45.Kf2 Kd5 46.Ng2  0-1

[Event "Jonsson Mem Open"]
[Site "Reykjavik ISL"]
[Date "2001.10.30"]
[Round "7"]
[White "Timman,J"]
[Black "Sokolov,I"]
[Result "1/2-1/2"]
[WhiteElo "2600"]
[BlackElo "2658"]

1.d4 Nf6 2.Nf3 g6 3.c4 Bg7 4.g3 O-O 5.Bg2 c6 6.O-O d5 7.b3 a5 8.Bb2 Ne4 9.Nbd2 Bf5
10.Nh4 Nxd2 11.Qxd2 Be6 12.Rac1  1/2-1/2

[Event "Jonsson Mem Open"]
[Site "Reykjavik ISL"]
[Date "2001.11.01"]
[Round "9"]
[White "Timman,J"]
[Black "Schandorff,L"]
[Result "1/2-1/2"]
[WhiteElo "2600"]
[BlackElo "2551"]

1.e4 c6 2.d4 d5 3.Nd2 dxe4 4.Nxe4 Nd7 5.Ng5 Ngf6 6.Bd3 e6 7.N1f3 Bd6 8.Qe2 h6
9.Ne4 Nxe4 10.Qxe4 Qc7 11.Qg4 Kf8 12.O-O c5 13.Qh4 b6 14.Be4 Rb8 15.Rd1 c4
16.c3 Kg8 17.Ne5 Nf6 18.Bc2 Bb7 19.Re1 Bd5 20.Bd2 b5 21.Re3 Nd7 22.Rae1 Nxe5
23.dxe5 Be7 24.Qg4 h5 25.Qg3 Qd8  1/2-1/2

[Event "Dutch Team Playoffs"]
[Site "Enschede NED"]
[Date "2002.05.09"]
[Round "1"]
[White "Timman,J"]
[Black "Van Haastert,E"]
[Result "1-0"]
[WhiteElo "2616"]
[BlackElo "2417"]

1.e4 e6 2.d4 d5 3.Nc3 Bb4 4.exd5 exd5 5.Bd3 Nc6 6.a3 Bxc3+ 7.bxc3 Nge7 8.Qf3 Be6
9.Nh3 Qd7 10.Nf4 O-O-O 11.O-O Bf5 12.a4 Bxd3 13.Nxd3 Qf5 14.Qe2 Rde8 15.Nc5 Nd8
16.Rb1 Nec6 17.Be3 Nb8 18.a5 Re7 19.c4 Nd7 20.cxd5 Qxd5 21.Qg4 f5 22.Qh4 Rf7
23.Nd3 Ne6 24.a6 bxa6 25.Nb4 Qc4 26.Qh5 Nd8 27.Qf3 Nb6 28.Nd3 Qd5 29.Qh3 Ne6
30.Ne5 Rff8 31.c4 Nxc4 32.Nxc4 Qxc4 33.Qf3 Nd8 34.Rfc1 Qe6 35.Bf4 c6 36.d5 Qe4
37.dxc6 Qxf3 38.Rb8+  1-0

[Event "TCh-SWE"]
[Site "Helsingborg SWE"]
[Date "2002.10.11"]
[Round "1"]
[White "Timman,J"]
[Black "Sandstrom,L"]
[Result "1/2-1/2"]
[WhiteElo "2594"]
[BlackElo "2357"]

1.d4 Nf6 2.c4 g6 3.Nc3 Bg7 4.e4 d6 5.f3 O-O 6.Be3 Nbd7 7.Qd2 c5 8.Nge2 Qa5
9.d5 a6 10.Nc1 b5 11.cxb5 axb5 12.Bxb5 Ba6 13.Bxa6 Qxa6 14.Nd3 Rfb8 15.O-O Rb7
16.Rac1 Ne8 17.Rc2 Nc7 18.b3 Nb5 19.Nxb5 Qxb5 20.Rfc1 Ra3 21.Rd1 h5 22.h3 Qa6
23.Qf2 Qb5 24.Kh1 Rc7 25.Bg5 Nb6 26.g4 hxg4 27.hxg4 c4 28.Be3 Nd7 29.Bd4 Bxd4
30.Qxd4 Qb6 31.Qxb6 Nxb6 32.Nb4 Rca7 33.Rb1 cxb3 34.axb3 Rb7 35.Rcb2 Nd7
36.Nc6 Nc5 37.b4 Na4 38.Rb3 Ra2 39.Kg1 e6 40.Rd1 Rc2 41.Nd4 Rc3 42.dxe6 fxe6
43.Rxc3 Nxc3 44.Rd3 Rxb4 45.Nc6 Rb1+ 46.Kf2 Nb5 47.e5 dxe5 48.Nxe5 g5 49.Rd7 Nc3
50.Nf7 Rb5 51.Ra7 Rd5 52.Nh6+ Kf8 53.Rf7+ Ke8 54.Rc7 Rd2+ 55.Ke1 Rd1+ 56.Kf2 Rd2+
57.Ke1 Rd1+  1/2-1/2

[Event "40th Ann Open"]
[Site "Curacao AHO"]
[Date "2002.11.21"]
[Round "4"]
[White "Timman,J"]
[Black "Korchnoi,V"]
[Result "1/2-1/2"]
[WhiteElo "2594"]
[BlackElo "2634"]

1.e4 e6 2.d4 d5 3.Nc3 Nf6 4.Bg5 dxe4 5.Nxe4 Be7 6.Bxf6 Bxf6 7.Nf3 O-O 8.Qd2 Nd7
9.O-O-O Be7 10.Bc4 c5 11.d5 Nb6 12.dxe6 Nxc4 13.exf7+ Kh8 14.Qc3 Nd6 15.Qe5 Nxf7
16.Rxd8 Nxe5 17.Rxf8+ Bxf8 18.Nxe5 b6 19.f3 Kg8 20.Rd1 Bf5 21.Nd6 Be6 22.Nb5 Rc8
23.Nxa7 Ra8 24.Nac6 Rxa2 25.Rd8 Ra1+ 26.Kd2 g6 27.Re8 Bf7 28.Rb8 Be6 29.Nd8 Bd6
30.Rxb6 Bxe5 31.Nxe6 Bxh2 32.Nxc5 Rg1 33.g4 Rg2+ 34.Kd3 Rf2 35.Rf6 Be5 36.Ne4 Bxf6
37.Nxf2 Bxb2 38.Ke4 Kf7 39.c4 Ke6 40.Nd3 Bc3 41.c5 Bd2 42.Ne5 Bb4 43.Nd3 Bd2
44.Ne5 Bb4 45.c6 Kd6 46.f4 Be1 47.g5 Bb4 48.Kd4 Bc5+ 49.Ke4 Bb4  1/2-1/2

[Event "40th Ann Open"]
[Site "Curacao AHO"]
[Date "2002.11.23"]
[Round "5"]
[White "Macieja,B"]
[Black "Timman,J"]
[Result "1/2-1/2"]
[WhiteElo "2615"]
[BlackElo "2594"]

1.e4 e5 2.Nf3 Nc6 3.d4 exd4 4.Nxd4 Nf6 5.Nxc6 bxc6 6.e5 Qe7 7.Qe2 Nd5 8.c4 Nb6
9.Nc3 Qe6 10.Qe4 Ba6 11.b3 Bb4 12.Bd2 Bxc3 13.Bxc3 d5 14.Qh4 dxc4 15.Be2 Nd5
16.Bxc4 g5 17.Qd4 Bxc4 18.Qxc4 O-O-O 19.O-O Nf4 20.Qxe6+ Nxe6 21.Rfe1 Rd3
22.Rac1 Rhd8 23.Kf1 h5 24.Re4 c5 25.g3 Rd1+ 26.Re1 R1d3 27.h3 Kb7 28.Kg2 R8d5
29.Re4 Nd4 30.Ba5 Nc6 31.Bc3 Nd4 32.Ba5 Nc6 33.Bc3  1/2-1/2

[Event "40th Ann Open"]
[Site "Curacao AHO"]
[Date "2002.11.25"]
[Round "7"]
[White "Zapata,A"]
[Black "Timman,J"]
[Result "1/2-1/2"]
[WhiteElo "2556"]
[BlackElo "2594"]

1.e4 Nf6 2.e5 Nd5 3.d4 d6 4.Nf3 dxe5 5.Nxe5 c6 6.Nd2 Bf5 7.Qf3 Be6 8.Bc4 Nd7
9.Nd3 N7f6 10.O-O Bg4 11.Qg3 e6 12.Ne5 Bf5 13.Bb3 a5 14.a4 Qb6 15.c3 Ne4
16.Nxe4 Qxb3 17.Nc5 Bxc5 18.Qxg7 O-O-O 19.dxc5 Rhg8 20.Qh6 f6 21.Nf7 Rxg2+
22.Kxg2 Rg8+ 23.Bg5 Nf4+ 24.Kg3 Ne2+ 25.Kg2 Nf4+ 26.Kg3 Ne2+ 27.Kg2  1/2-1/2

[Event "40th Ann Open"]
[Site "Curacao AHO"]
[Date "2002.11.28"]
[Round "9"]
[White "Gallegos,Ca"]
[Black "Timman,J"]
[Result "1/2-1/2"]
[WhiteElo "2432"]
[BlackElo "2594"]

1.e4 c5 2.Nf3 e6 3.b3 Nf6 4.e5 Nd5 5.Bb2 Nc6 6.Bb5 Qb6 7.a4 a6 8.Bc4 Nf4
9.g3 Ng6 10.h4 Qc7 11.Qe2 b6 12.h5 Nge7 13.Rh4 Bb7 14.Rf4 h6 15.Nc3 Nb4 16.O-O-O Ned5
17.Bxd5 Nxd5 18.Nxd5 Bxd5 19.c4 Bb7 20.d4 cxd4 21.Rfxd4 O-O-O 22.Nd2  1/2-1/2

[Event "WDR Match g/60"]
[Site "Koeln GER"]
[Date "2003.08.17"]
[Round "1"]
[White "Timman,J"]
[Black "Naiditsch,A"]
[Result "0-1"]
[WhiteElo "2575"]
[BlackElo "2574"]

1.d4 Nf6 2.c4 e6 3.Nf3 b6 4.g3 Ba6 5.Nbd2 Bb7 6.Bg2 c5 7.e4 cxd4 8.Nxd4 d6
9.O-O Qd7 10.b3 Be7 11.Bb2 Nc6 12.Qe2 Nxd4 13.Bxd4 Bc6 14.Rad1 O-O 15.Rfe1 Rad8
16.Qe3 Rfe8 17.Nf1 Qb7 18.Re2 d5 19.exd5 exd5 20.Qf3 Ne4 21.Qg4 Bf8 22.Bb2 h5
23.Qxh5 dxc4 24.Rxd8 Rxd8 25.bxc4 Nc3 26.Bxc3 Bxg2 27.Nd2 Bc6 28.Qf5 Bd7
29.Qe4 Bc6 30.Qf5 Bd7 31.Qg5 Bh3 32.f3 f6 33.Bxf6 Bc5+ 34.Kh1 Rxd2 35.Re8+ Bf8
36.Rxf8+ Kxf8  0-1

[Event "Curacao Open"]
[Site "Willemstad AHO"]
[Date "2003.11.02"]
[Round "8"]
[White "Gulko,B"]
[Black "Timman,J"]
[Result "1/2-1/2"]
[WhiteElo "2597"]
[BlackElo "2578"]

1.Nf3 Nf6 2.c4 e6 3.Nc3 Bb4 4.e3 c5 5.Be2 O-O 6.O-O d5 7.a3 Ba5 8.d4 Nbd7
9.cxd5 exd5 10.b4 cxb4 11.Nb5 Ne4 12.axb4 Bb6 13.Qb3 Ndf6 14.Ne5 Be6 15.f3 a6
16.Nc3 Nxc3 17.Qxc3 Rc8 18.Qe1 Ne8 19.Nd3 Nd6 20.Nc5 Re8 21.Bd3 Bd7 22.Ra2 Bb5
23.Qd1 Bc7 24.Re2 Nc4 25.g3 b6 26.Na4 Bd6 27.Qb3 Rc7 28.Rfe1 Qc8 29.Rc2 Qh3
30.Bf1 Qf5 31.e4 Qd7 32.Nc3 dxe4 33.fxe4 Ra8 34.Nxb5 axb5 35.e5 Bf8 36.Re4 Qd5
37.Bg2 Rd8 38.Bf4 Qe6 39.Rc1 Ra7 40.Rd1 Ra4 41.Re2 Rxb4 42.Qc3 Qf5 43.Be4 Qg4
44.Bf3 Qf5 45.Be4 Qg4 46.Bf3 Qf5  1/2-1/2

[Event "TCh-NED"]
[Site "Enschede NED"]
[Date "2004.05.20"]
[Round "1"]
[White "Stellwagen,D"]
[Black "Timman,J"]
[Result "1/2-1/2"]
[WhiteElo "2503"]
[BlackElo "2576"]

1.e4 e5 2.Nf3 Nc6 3.Bb5 a6 4.Ba4 Nf6 5.O-O Be7 6.Re1 b5 7.Bb3 O-O 8.a4 Bb7
9.d3 d6 10.Nc3 b4 11.Nd5 Rb8 12.a5 Nxd5 13.exd5 Nd4 14.Nxd4 exd4 15.Bd2 c5
16.dxc6 Bxc6 17.Bc4 d5 18.Bb3 Bg5 19.g3 h6 20.h4 Bxd2 21.Qxd2 Qd6 22.Qe2 Rbe8
23.Qg4 Qf6 24.Qf4 Qxf4 25.gxf4 g6 26.Kg2 Kg7 27.Re5 f6 28.Ree1 Kf7 29.Re4 Rxe4
30.dxe4 Rd8 31.Rd1 Ke7 32.e5 Ke6 33.exf6 Kd6 34.Rxd4 Kc5 35.Rd1 Rf8 36.Kg3 Rxf6
37.Re1 Kb5 38.Re5 Rd6 39.f5 gxf5 40.Rxf5 Kxa5 41.Kf4 Kb6 42.Ke5 Kc5 43.c3 bxc3
44.bxc3 a5 45.Rf4 Rd8 46.Rd4 Re8+ 47.Kf6 Rf8+ 48.Kg6 Rxf2 49.Ba4 Bb7 50.Kxh6 Rf3
51.h5 Rxc3 52.Rg4 Rc4 53.Rg7 Rxa4 54.Rxb7 Rg4 55.Kh7 a4 56.Ra7 Kb5 57.h6 d4
58.Kh8 d3 59.h7 d2 60.Rb7+ Kc4 61.Rb4+ Kd3 62.Rb3+ Ke4 63.Rb4+ Kf5 64.Rb5+  1/2-1/2

[Event "Cogas Match"]
[Site "Almelo NED"]
[Date "2005.03.25"]
[Round "1"]
[White "Stellwagen,D"]
[Black "Timman,J"]
[Result "1/2-1/2"]
[WhiteElo "2524"]
[BlackElo "2607"]

1.e4 c5 2.Nf3 e6 3.d4 cxd4 4.Nxd4 Nf6 5.Nc3 d6 6.Be3 Be7 7.f4 O-O 8.Qf3 e5
9.Nf5 Bxf5 10.exf5 Nbd7 11.Bc4 exf4 12.Bxf4 Ne5 13.Qe2 Nxc4 14.Qxc4 d5 15.Qd4 Qc8
16.O-O-O Qxf5 17.Qe5 Qxe5 18.Bxe5 Ng4 19.Bd4 Rfd8 20.h3 Nf6 21.Bxf6 Bxf6
22.Nxd5 Be5 23.c3 f6 24.Kc2 Kf7 25.g4  1/2-1/2

[Event "13th Sigeman & Co"]
[Site "Copenhagen/Malmoe DEN"]
[Date "2005.04.18"]
[Round "4"]
[White "Hillarp Persson,T"]
[Black "Timman,J"]
[Result "1/2-1/2"]
[WhiteElo "2533"]
[BlackElo "2607"]

1.d4 Nf6 2.c4 e6 3.Nc3 Bb4 4.e3 b6 5.Ne2 Ne4 6.Bd2 Nxd2 7.Qxd2 O-O 8.a3 Be7
9.Nf4 c6 10.g3 d5 11.cxd5 cxd5 12.Rc1 Nd7 13.Bg2 Ba6 14.Nd3 Rc8 15.O-O Bd6
16.Rfd1 Qe7 17.a4 Bc4 18.Nb5 a5 19.Na7 Rc7 20.Nb5 Rcc8 21.Na7  1/2-1/2

[Event "NK Rapid"]
[Site "Vlaardingen NED"]
[Date "2005.10.01"]
[Round "9"]
[White "Timman,J"]
[Black "Naiditsch,A"]
[Result "1/2-1/2"]
[WhiteElo "2630"]
[BlackElo "2641"]

1.Nf3 Nf6 2.c4 e6 3.g3 d5 4.b3 Be7 5.Bg2 O-O 6.O-O a5 7.Bb2 Na6 8.d3 a4 9.Qc1 Bd7
10.Nbd2 c6 11.Ne5 Qa5 12.Bc3 Bb4 13.Bxb4 Qxb4 14.a3 Qd6 15.Nxd7 Qxd7 16.b4 e5
17.Qc2 Nc7 18.Rac1  1/2-1/2

[Event "TCh-NED 2005-6"]
[Site "Netherlands NED"]
[Date "2005.11.26"]
[Round "4"]
[White "Timman,J"]
[Black "Piket,M"]
[Result "1-0"]
[WhiteElo "2630"]
[BlackElo "2338"]

1.e4 g6 2.d4 Bg7 3.c3 d6 4.f4 Nf6 5.Bd3 e5 6.Nf3 Bg4 7.O-O O-O 8.fxe5 dxe5
9.Bg5 h6 10.Bh4 g5 11.Bf2 Nbd7 12.Nbd2 Nh5 13.h3 Nf4 14.hxg4 Nxd3 15.d5 c6
16.Nc4 Nxf2 17.Rxf2 cxd5 18.exd5 Nf6 19.Nfxe5 Re8 20.d6 Ne4 21.Rxf7 Rxe5
22.Rxg7+ Kxg7 23.Qd4 Qf6 24.Nxe5 Nxd6 25.Rf1  1-0

[Event "XXII Open"]
[Site "Reykjavik ISL"]
[Date "2006.03.06"]
[Round "1"]
[White "Ziska,H"]
[Black "Timman,J"]
[Result "1-0"]
[WhiteElo "2286"]
[BlackElo "2630"]

1.e4 c5 2.Nf3 e6 3.d4 cxd4 4.Nxd4 Nf6 5.Nc3 d6 6.g4 h6 7.h4 Be7 8.Rg1 d5
9.Bb5+ Kf8 10.exd5 Nxd5 11.Nxd5 Qxd5 12.Qd3 Bxh4 13.Bc4 Qd7 14.g5 hxg5 15.Be3 e5
16.Qa3+ Kg8 17.Nb5 g4 18.Rd1 Qc6 19.Nd6 Be7 20.Nxf7  1-0

[Event "XXII Open"]
[Site "Reykjavik ISL"]
[Date "2006.03.10"]
[Round "5"]
[White "Ermenkov,E"]
[Black "Timman,J"]
[Result "1/2-1/2"]
[WhiteElo "2462"]
[BlackElo "2630"]

1.e4 e5 2.Bc4 Nc6 3.Nf3 Nf6 4.d3 Be7 5.O-O O-O 6.Re1 d6 7.c3 Na5 8.Bb5 a6
9.Ba4 c5 10.Nbd2 b5 11.Bc2 Re8 12.Nf1 Bb7 13.Ng3 g6 14.d4 Bf8 15.d5 Bc8 16.h3 Nc4
17.Nh2 Rb8 18.Rb1 h5 19.Nf3 Nh7 20.Nd2 Nxd2 21.Bxd2 Be7 22.Ne2 Bg5 23.f4 exf4
24.Nxf4 Rb7 25.Qf3 Qf6 26.Rf1 a5 27.Rbe1 Qg7 28.Qf2 Rbe7 29.Re3 b4 30.Rf3 Ba6
31.Rd1 h4 32.Kh1 Bf6 33.Rg1 Rb8 34.g3 bxc3 35.bxc3 Rb2 36.Nh5 Qh8 37.Nxf6+ Nxf6
38.Rxf6 Rxc2 39.Rxd6 Qe5 40.Rxa6 Qxe4+ 41.Rg2 hxg3 42.Ra8+ Kh7 43.Qf6 Qe1+
44.Rg1 Qe4+ 45.Rg2  1/2-1/2

[Event "XXII Open"]
[Site "Reykjavik ISL"]
[Date "2006.03.13"]
[Round "8"]
[White "Timman,J"]
[Black "Ward,C"]
[Result "0-1"]
[WhiteElo "2630"]
[BlackElo "2475"]

1.d4 e6 2.c4 Nf6 3.Nc3 Bb4 4.e3 b6 5.Ne2 Ne4 6.Qc2 Bb7 7.Nf4 f5 8.Bd3 c5
9.O-O Bxc3 10.f3 Nd2 11.Bxd2 Bxd2 12.Qxd2 O-O 13.Rad1 cxd4 14.exd4 Qg5 15.Rfe1 Nc6
16.Bf1 Rae8 17.d5 Nd8 18.Qd4 exd5 19.cxd5 Nf7 20.Bb5 Qh4 21.g3 Qd8 22.h4 Nd6
23.a4 Rxe1+ 24.Rxe1 Re8 25.Rc1 Qe7 26.Kf2 Nxb5 27.axb5 Qd6 28.Rc3 g6 29.Re3 Rxe3
30.Kxe3 a6 31.bxa6 Bxa6 32.b4 Qc7 33.Kd2 Qd6 34.Qc3 Kf7 35.Ke3 Qf6 36.Qd2 Qa1
37.Nh3 h6 38.d6 Bc4 39.Kf4 Qf6 40.Ke3 Qa1 41.Kf4 Bf1  0-1

[Event "ch-NED"]
[Site "Hilversum NED"]
[Date "2006.06.18"]
[Round "2"]
[White "Timman,J"]
[Black "Bosch,Je"]
[Result "1/2-1/2"]
[WhiteElo "2616"]
[BlackElo "2465"]

1.d4 d5 2.c4 e6 3.Nc3 c5 4.cxd5 exd5 5.Nf3 Nc6 6.g3 Nf6 7.Bg2 Be7 8.O-O O-O
9.Bg5 cxd4 10.Nxd4 h6 11.Be3 Re8 12.Rc1 Bg4 13.h3 Be6 14.Kh2 Qd7 15.Qa4 a6
16.Rfd1 b5 17.Qc2 Rac8 18.Nxe6 fxe6 19.Qb1 Bd6 20.f4 Qf7 21.Bf2 Bb8 22.e4 d4
23.e5 dxc3 24.exf6 Qxf6 25.Rxc3 e5 26.Qc2 Ne7 27.fxe5 Rxc3 28.bxc3 Bxe5 29.c4 bxc4
30.Qxc4+ Kh8 31.Rf1 Rc8 32.Qe2 Nf5 33.Be4 Rf8 34.Bxf5 Qxf5  1/2-1/2

[Event "ch-NED"]
[Site "Hilversum NED"]
[Date "2006.06.19"]
[Round "3"]
[White "Sokolov,Iv"]
[Black "Timman,J"]
[Result "1/2-1/2"]
[WhiteElo "2676"]
[BlackElo "2616"]

1.d4 Nf6 2.c4 e6 3.Nf3 Bb4+ 4.Nbd2 d5 5.Qa4+ Nc6 6.a3 Bxd2+ 7.Bxd2 Ne4 8.Rd1 Bd7
9.Qc2 Nxd2 10.Rxd2 Qf6 11.g3 O-O 12.Bg2 Rfd8 13.b4 dxc4 14.Qxc4 e5 15.d5 Ne7
16.Qe4 Ng6 17.O-O Qd6 18.Qc4 h6 19.Rc1 Rac8 20.Qc5 b6 21.Qc2 a5 22.Qb3 axb4
23.axb4 Ra8  1/2-1/2

[Event "ch-NED"]
[Site "Hilversum NED"]
[Date "2006.06.23"]
[Round "6"]
[White "Timman,J"]
[Black "Smeets,J"]
[Result "1-0"]
[WhiteElo "2616"]
[BlackElo "2535"]

1.e4 c5 2.Nf3 d6 3.d4 Nf6 4.Nc3 cxd4 5.Nxd4 a6 6.Be3 e6 7.g4 e5 8.Nf5 g6
9.g5 gxf5 10.exf5 d5 11.Qf3 d4 12.O-O-O Nbd7 13.Bc4 Qc7 14.Bxd4 exd4 15.Rhe1+ Ne5
16.gxf6 Bd6 17.Rxd4 Bd7 18.Bxf7+ Kd8 19.Qd5 Nxf7 20.Qxf7 Kc8 21.Nd5 Qa5 22.b4  1-0

[Event "ch-NED"]
[Site "Hilversum NED"]
[Date "2006.06.25"]
[Round "8"]
[White "Werle,J"]
[Black "Timman,J"]
[Result "1/2-1/2"]
[WhiteElo "2529"]
[BlackElo "2616"]

1.Nf3 Nf6 2.c4 c5 3.Nc3 Nc6 4.g3 d5 5.d4 e6 6.cxd5 exd5 7.Bg2 Be7 8.O-O O-O
9.Bg5 cxd4 10.Nxd4 h6 11.Be3 Re8 12.Rc1 Bg4 13.h3 Be6 14.Qa4 Qd7 15.g4 Bd6
16.Nxe6 fxe6 17.f4 Rad8 18.Rcd1 Qe7 19.Bf2 Bc5 20.e3 Rf8 21.Kh1 Kh8 22.Rfe1 a6
23.Bh4 g5 24.fxg5 Nh7 25.e4 d4 26.Nd5 Qg7 27.g6 Ng5 28.Bg3 Bd6 29.e5 Bxe5
30.Bxe5 Nxe5 31.Qxd4 Nef3 32.Qxg7+ Kxg7 33.Bxf3 Rxf3 34.Nc3 Rxh3+ 35.Kg2 Rhd3
36.Rxd3 Rxd3 37.Ne4 Kxg6 38.Nxg5 Kxg5 39.Rxe6 Rd2+ 40.Kg3 Rxb2 41.Re5+ Kf6
42.Rh5 Kg6 43.Rd5 Re2 44.Rd7 b6 45.Rd6+ Kg5 46.Rxb6 Re3+ 47.Kg2 Ra3 48.Rc6 Rxa2+
49.Kg3 Ra3+ 50.Kg2 Ra4 51.Kh3 Ra3+ 52.Kg2 a5 53.Rd6 a4 54.Ra6 Kxg4 55.Rxh6 Rg3+
56.Kf2 Rh3 57.Rc6 a3 58.Rc1 Kf4 59.Ke2 Ke4 60.Kd2 Ke5  1/2-1/2

[Event "ch-NED"]
[Site "Hilversum NED"]
[Date "2006.06.27"]
[Round "9"]
[White "Timman,J"]
[Black "L'Ami,E"]
[Result "0-1"]
[WhiteElo "2616"]
[BlackElo "2565"]

1.e4 e5 2.Nf3 Nc6 3.Bb5 a6 4.Ba4 Nf6 5.O-O Nxe4 6.d4 b5 7.Bb3 d5 8.dxe5 Be6
9.Nbd2 Be7 10.c3 O-O 11.Bc2 f5 12.Nb3 Qd7 13.Nfd4 Nxd4 14.Nxd4 c5 15.Nxe6 Qxe6
16.f3 Ng5 17.a4 Rad8 18.axb5 axb5 19.Kh1 f4 20.Re1 c4 21.Qd4 Qc6 22.e6 Rf6
23.Bd2 Nxe6 24.Qe5 Bd6 25.Qh5 g6 26.Qh4 Rdf8 27.Ra7 Nc7 28.b3 Bc5 29.Raa1 Qd6
30.bxc4 bxc4 31.Rab1 Re6 32.Rxe6 Nxe6 33.Re1 Ng7 34.Rd1 Qe5 35.Re1 Qf6 36.Qxf6 Rxf6
37.Rd1 Ne6 38.Be1 Nc7 39.g3 Be3 40.Rb1 Ra6 41.Rb7 Ra1 42.Bb1 Ne6 43.Kg2 Nc5
44.Rb8+ Kg7 45.gxf4 Nb3 46.Re8 Bxf4 47.Bc2 Ra2  0-1

[Event "3rd ACT"]
[Site "Amsterdam NED"]
[Date "2006.07.17"]
[Round "3"]
[White "Siebrecht,S"]
[Black "Timman,J"]
[Result "1/2-1/2"]
[WhiteElo "2414"]
[BlackElo "2594"]

1.d4 Nf6 2.Nf3 e6 3.e3 b6 4.Bd3 Bb7 5.O-O c5 6.b3 Be7 7.Bb2 O-O 8.Nbd2 Nc6
9.a3 Rc8 10.Qe2 Qc7 11.Rae1 Rfe8 12.Ne5 cxd4 13.exd4 Bf8 14.f4 d6 15.Ng4 Nxg4
16.Qxg4 Ne7 17.Rxe6 fxe6 18.Qxe6+ Kh8 19.Bxh7 Qc6 20.Rf3 d5 21.Qf7 Qf6 22.Rh3 Qxf7
23.Bg6+ Kg8  1/2-1/2

[Event "3rd ACT"]
[Site "Amsterdam NED"]
[Date "2006.07.20"]
[Round "6"]
[White "Timman,J"]
[Black "Parker,J"]
[Result "1/2-1/2"]
[WhiteElo "2594"]
[BlackElo "2509"]

1.d4 Nf6 2.c4 e5 3.dxe5 Ng4 4.Nf3 Bc5 5.e3 Nc6 6.Be2 Ncxe5 7.Nc3 O-O 8.Nd4 d6
9.h3 Nf6 10.b3 d5 11.O-O dxc4 12.bxc4 c6 13.Bb2 Qe7 14.Qc2 Re8 15.Rad1 Ng6
16.Nf5 Bxf5 17.Qxf5 Ba3 18.Ba1 Bd6 19.Rd2 Be5 20.Qc2 Rad8 21.Rfd1 Rxd2 22.Qxd2 Nf8
23.Bb2 Bc7 24.Qc2 Qe5 25.g3 Qe6 26.Bf1 N8d7 27.Ne2 g6 28.Nd4 Qe7 29.Bg2 Nc5
30.Ba3 Rd8 31.Rb1 Bd6 32.Bxc6 bxc6 33.Nxc6 Qc7 34.Nxd8 Qxd8 35.Rd1 Qc7 36.Qd2 Be7
37.Bxc5 Qxc5 38.Qd4 Qa3 39.Qe5 Kf8 40.Rb1 a5 41.Rb8+ Kg7 42.Rb7 Kf8 43.g4 h6
44.Ra7 a4 45.Kg2 Qb4 46.h4 Bd8 47.Qd4 Qb8 48.Rxa4 h5 49.gxh5 Nxh5 50.Qd5 Qc7
51.c5 Be7 52.c6 Nf6 53.Qf3 Qe5 54.Rd4 Qc5 55.a4 Kg7 56.Rf4 Bd8 57.h5 gxh5
58.Rf5 Qc3 59.Qg3+ Kf8 60.Qd6+ Be7 61.Rc5 Qb3 62.c7 Bxd6 63.c8=Q+ Ne8 64.Rc4 Qb1
65.Qc6 Qg6+  1/2-1/2

[Event "3rd ACT"]
[Site "Amsterdam NED"]
[Date "2006.07.21"]
[Round "7"]
[White "Halkias,S"]
[Black "Timman,J"]
[Result "1-0"]
[WhiteElo "2551"]
[BlackElo "2594"]

1.d4 Nf6 2.Nf3 g6 3.c4 Bg7 4.Nc3 d5 5.cxd5 Nxd5 6.e4 Nxc3 7.bxc3 c5 8.Rb1 O-O
9.Be2 Nc6 10.d5 Ne5 11.Nxe5 Bxe5 12.Qd2 e6 13.f4 Bg7 14.c4 Re8 15.e5 b6 16.O-O f6
17.Bb2 fxe5 18.fxe5 Bb7 19.d6 Qd7 20.Bg4 Rf8 21.Qe3 Rxf1+ 22.Rxf1 Rf8 23.Rxf8+ Bxf8
24.h4 Bc8 25.h5 gxh5 26.Bxh5 Qg7 27.Qf4 Bd7 28.Bc1 Bc6 29.g3 h6 30.Kh2 Bd7
31.Be3 Kh8 32.Qe4 Kg8 33.Bf4 Qh7 34.Bg6 Qg7 35.Qd3 Bc6 36.Be4 Be8 37.Qf3 h5
38.Bd3 Qf7 39.Qe4 Qg7 40.Bc2 Qf7 41.a3 Qg7 42.Qd3 Qf7 43.Bg5 Qf2+ 44.Kh3 Qf7
45.Bf6 Bh6 46.Qe4 Qd7 47.Be7  1-0

[Event "3rd ACT"]
[Site "Amsterdam NED"]
[Date "2006.07.22"]
[Round "8"]
[White "Timman,J"]
[Black "Vazquez,R"]
[Result "1/2-1/2"]
[WhiteElo "2594"]
[BlackElo "2517"]

1.e4 c5 2.Nf3 d6 3.Nc3 Nf6 4.d4 cxd4 5.Nxd4 a6 6.Be3 e5 7.Nde2 Ng4 8.Qd2 Nxe3
9.Qxe3 Be6 10.f4 Be7 11.f5 Bc4 12.Ng3 Bxf1 13.Nxf1 Nd7 14.Qf3 Bg5 15.Ne3 Bxe3
16.Qxe3 Qb6 17.Qxb6 Nxb6 18.O-O-O Ke7 19.Rd3 Rac8 20.Rhd1 Rc6 21.b3 g6 22.Rf1 gxf5
23.Rxf5 h5 24.Rdf3 Rh7 25.h4 f6 26.a4 Rh6 27.a5 Nd7 28.Nd5+ Kf7 29.Kb2 Rc8
30.g3 Ke6 31.Re3 Rc5 32.Rf1 Rg6 33.b4 Rc4 34.Kb3 Rd4 35.Nc7+ Ke7 36.Rf5 Rh6
37.c3 Rd2 38.Ref3 Re2 39.Nd5+ Ke6 40.Ne3 Rh8 41.Nd5 Rh6 42.Re3 Rd2 43.Rff3 Rg6
44.Nc7+ Ke7 45.Rd3 Rxd3 46.Rxd3 Rg4 47.Re3 f5 48.exf5 Nf6 49.c4 Kd7 50.Nd5 Nxd5
51.cxd5 Ke7 52.Rc3 Kf6 53.Rc7 Rxg3+ 54.Kc2 Rg7  1/2-1/2

[Event "4th Staunton Mem"]
[Site "London/Crowthorne ENG"]
[Date "2006.08.15"]
[Round "2"]
[White "Timman,J"]
[Black "Wells,P"]
[Result "1-0"]
[WhiteElo "2594"]
[BlackElo "2480"]

1.d4 Nf6 2.c4 e6 3.Nf3 b6 4.g3 Ba6 5.b3 Bb4+ 6.Bd2 Be7 7.Nc3 O-O 8.Rc1 d5
9.cxd5 Nxd5 10.Bg2 Nxc3 11.Bxc3 Nd7 12.O-O Rc8 13.Re1 Bb7 14.b4 Nf6 15.Qa4 a6
16.Ne5 Bxg2 17.Kxg2 c5 18.dxc5 bxc5 19.Red1 Qb6 20.bxc5 Rxc5 21.Bd4 Qb7+
22.f3 Rxc1 23.Rxc1 Nd5 24.e4 Bg5 25.Qc6 Qb4 26.Rd1 Ne3+ 27.Bxe3 Bxe3 28.Qc2 Qb5
29.Nc6 Bc5 30.Ne5 Be7 31.f4 h6 32.a4 Qb8 33.Nc6 Qc7 34.Rd2 a5 35.Ne5 Rc8
36.Qxc7 Rxc7 37.Rd7 Rc2+ 38.Kh3 Bb4 39.Nxf7 Rc4 40.e5  1-0

[Event "4th Staunton Mem"]
[Site "London/Crowthorne ENG"]
[Date "2006.08.16"]
[Round "3"]
[White "Howell,D"]
[Black "Timman,J"]
[Result "1/2-1/2"]
[WhiteElo "2479"]
[BlackElo "2594"]

1.e4 e5 2.Nf3 Nc6 3.Bb5 Nf6 4.O-O Nxe4 5.d4 a6 6.Ba4 b5 7.Bb3 d5 8.dxe5 Be6
9.Nbd2 Be7 10.c3 O-O 11.Bc2 f5 12.exf6 Nxf6 13.Nb3 Bd6 14.Ng5 Qd7 15.Nxe6 Qxe6
16.Nd4 Nxd4 17.cxd4 Rae8 18.Qd3 g6 19.Bd2 Ng4 20.g3 Qe2 21.Rae1 Qxd3 22.Bxd3 Rxe1
23.Bxe1 Nh6 24.f3 Nf5 25.Bf2 Kf7 26.Rc1 Ke6 27.b3 Rb8 28.Rc6 Ra8 29.Rc2 Rb8
30.Rc6 Ra8 31.Rc2 Rb8 32.Rc6  1/2-1/2

[Event "4th Staunton Mem"]
[Site "London/Crowthorne ENG"]
[Date "2006.08.25"]
[Round "11"]
[White "Bosboom Lanchava,T"]
[Black "Timman,J"]
[Result "1/2-1/2"]
[WhiteElo "2389"]
[BlackElo "2594"]

1.d4 d6 2.Nf3 g6 3.c4 Bg7 4.Nc3 e5 5.e4 Nc6 6.Bg5 f6 7.Be3 Nh6 8.dxe5 dxe5
9.Qxd8+ Kxd8 10.O-O-O+ Bd7 11.h3 Kc8 12.c5 Be6 13.Nd5 Nf7 14.Bc4 Re8 15.Bd2 a5
16.h4 h5 17.Kb1 Nb8 18.Bb5 Bd7 19.a4 Bc6 20.Rhg1 f5 21.Ng5 Nd8 22.f3 Nd7
23.Be3 Bf8 24.Rc1 Bxd5 25.exd5 c6 26.dxc6 bxc6 27.Bc4 Ra7 28.Rgd1 Nf6 29.Rc3 Nd5
30.Bxd5 cxd5 31.Rxd5 Nc6 32.Rc4 Rb7 33.Bd2 Rd7 34.Rxd7 Kxd7 35.Rc3 Nb4 36.Rc4 Nc6
37.Rc3 Nb4 38.Rc4  1/2-1/2

[Event "Bundesliga 2006-7"]
[Site "Hamburg GER"]
[Date "2007.03.17"]
[Round "12"]
[White "Timman,J"]
[Black "Kempinski,R"]
[Result "1/2-1/2"]
[WhiteElo "2549"]
[BlackElo "2590"]

1.e4 c5 2.Nf3 d6 3.d4 cxd4 4.Nxd4 Nf6 5.Nc3 a6 6.Be3 e5 7.Nf3 Be7 8.Bc4 O-O
9.O-O Be6 10.Bb3 Nc6 11.Qe2 Na5 12.Rfd1 Nd7 13.Nd5 Nxb3 14.axb3 Rc8 15.c4 Bxd5
16.Rxd5 Nf6 17.Rd3 Nxe4 18.Nxe5 Bf6 19.Ng4 Re8 20.Nxf6+ Qxf6 21.Bd4 Qg6 22.Re3 Re6
23.Re1 Rce8 24.Qc2 f5 25.f3 Ng5 26.Kf1 h5 27.Qd3 Rxe3 28.Bxe3 Nf7 29.Bd2 Rxe1+
30.Bxe1 Kh7 31.f4 Qg4 32.Qd2 g5 33.fxg5 Qxg5 34.Qd4 Qg4 35.Qe3 Qg5 36.Qf3 b5
37.h3 Kg6 38.Bc3 Qc1+ 39.Kf2 Ne5 40.Qg3+ Kf6 41.Qg8 Qf4+ 42.Kg1 h4 43.Qd5 Qe3+
44.Kf1 Ke7 45.Bd2 Qd3+ 46.Qxd3 Nxd3 47.cxb5 axb5 48.Ke2 Nc5 49.b4 Ne6 50.Be1 Nf4+
51.Ke3 Ng6 52.Kd4 Kd7 53.Bf2 Kc6 54.g3 hxg3 55.Bxg3 Nf8 56.h4 Ne6+ 57.Kd3 Ng7
58.Kd4 Nh5 59.Bh2 Kd7 60.Kd5 Nf6+ 61.Kd4 Nh5 62.Kd5 Nf6+ 63.Kd4 Nh5  1/2-1/2